Keynes : επιστροφή στη διδασκαλία του
Αποθηκεύτηκε σε:
| Κύριος συγγραφέας: | |
|---|---|
| Άλλοι συγγραφείς: | , |
| Μορφή: | Βιβλίο |
| Γλώσσα: | Greek English |
| Δημοσίευση: |
Αθήνα :
Κριτική,
c2012.
|
| Σειρά: | Επιστημονική βιβλιοθήκη (Κριτική)
|
| Θέματα: | |
| Ετικέτες: |
Προσθήκη ετικέτας
Δεν υπάρχουν, Καταχωρήστε ετικέτα πρώτοι!
|
MARC
| LEADER | 00000cam a2200000 a 4500 | ||
|---|---|---|---|
| 001 | 1/119560 | ||
| 008 | 190712s2012####gr | ||| |||| ||gre|| | ||
| 020 | |a 9789602187135 |q (χαρτόδετο) | ||
| 040 | |a GR-MyUa |b gre |c GR-MyUa |e AACR2 | ||
| 041 | 1 | |a gre |h eng | |
| 082 | 7 | |a 330.156 |2 (23) | |
| 100 | 1 | |a Skidelsky, Robert, |d 1939- |e aut | |
| 245 | 1 | 0 | |a Keynes : |b επιστροφή στη διδασκαλία του / |c Robert Skidelsky ; εισαγωγή και επιστημονική επιμέλεια Λευτέρης Τσουλφίδης ; μετάφραση Χρυσούλα Μεντζαλίρα. |
| 260 | |a Αθήνα : |b Κριτική, |c c2012. | ||
| 300 | |a 325 σ. : |b διαγρ., πίν. ; |c 24 εκ. | ||
| 490 | 1 | |a (Επιστημονική βιβλιοθήκη / Κριτική) | |
| 504 | |a Περιλαμβάνει βιβλιογραφία. | ||
| 600 | 1 | 0 | |a Keynes, John Maynard, |d 1883-1946. |
| 650 | 0 | |a Keynesian economics. | |
| 650 | 0 | |a Economic history. | |
| 650 | 0 | |a Economics |x Politics. | |
| 700 | 1 | |a Μεντζαλίρα, Χρυσούλα, |e trlf | |
| 700 | 1 | |a Τσουλφίδης, Λευτέρης, |e edt | |
| 830 | 0 | |a Επιστημονική βιβλιοθήκη (Κριτική) | |
| 852 | |a INST |b CHIOS |c TSAMOYRGELIS |e 20190712 |h 330.156 SKI |p 005200038865 |q 005200038865 |t BK |y 0 | ||
| 970 | |a Παροικάκη |b Βασιλική |z 12-07-2019 | ||